000 00673nam a2200241Ia 4500
005 20260430150011.0
008 008 250103s9999 xx 000 0 eng d
037 _aTheses
040 _aCRL
040 _beng
040 _ceng
041 _2eng
041 _aeng
084 _qCRL
100 _aKanchan Kumari Au.; Sanjeev Kumar H.M. Gu.
_91236163
245 0 _aPolitical of Hetrosexuality and Citizenship in India: A Study of adoption Law
260 _c2021
300 _a229p.
650 _aPolitical Science
700 _aUniversity of Delhi. Faculty of Social Science. Deptt of political Science
_91236164
942 _cTH
999 _c1848696
_d1848696